000
00290nam a2200121Ia 4500
005
20251222144827.0
008
251222s9999||||xx |||||||||||||| ||spa||
020
_a
9972-738-00-0
082
_a
362.985/L39
245
0
_a
Régimen Peruano de Seguridad Social
264
_b
Legis
942
_c
LIB
999
_c
20720
_d
20720